00732nam a2200205 a 450000100100000000500170001000800410002702000180006802000280008604000250011408200210013910000310016024500760019126000420026730000240030950000520033350000600038550000530044550400280049800004710020201002053345.0180416s2017 dr a 000 0 spa d a9789945468625 a9789945468687(cuaderno) aDO-SdBNPbspacBNPHU axxxxbT233a, 1ro1 aTaveras de Frías, Reyita10aAprendamos matemática 1 :bprimer grado /cReyita Taveras de Frías. aSanto Domingo :bAlfa y Omega,c2017. av. :bil. ;c28 cm. aIncluye datos biográficos de la autora p. 162 aLa biblioteca posee el cuaderno y libro del estudiantes aMinisterio de Educación República Dominicana aBibliografía : p. 163